[Event "Oberliga Ost A 2023 2024"]
[Site "?"]
[Date "2023.12.03"]
[Round "3.3"]
[Board "3"]
[White "Mirschinka, Dirk"]
[Black "Kuraszkiewicz, Michael"]
[Result "1/2-1/2"]
[WhiteElo "2160"]
[BlackElo "2271"]
[PlyCount "80"]
[EventDate "2023.10.22"]
[EventType "team-tourn"]
[EventCountry "GER"]
[WhiteTeam "Dessau SK"]
[BlackTeam "Plauen SK Koenig"]
[WhiteTeamCountry "GER"]
[BlackTeamCountry "GER"]

1. d4 Nf6 2. c4 c5 3. d5 e6 4. Nc3 exd5 5. cxd5 d6 6. e4 g6 7. Nf3 Bg7 8. h3 O-O 9. Bd3 a6 10. a4 Nbd7 11. O-O Qe7 12. Be3 Rb8 13. Qc2 Ne8 14. a5 b5 15. axb6 Rxb6 16. Nd2 Ne5 17. Nc4 Nxc4 18. Bxc4 Nc7 19. Ra5 Re8 20. Bd3 Nb5 21. Nxb5 axb5 22. Rxb5 Rxb5 23. Bxb5 Bd7 24. Bd3 Rb8 25. Ra1 Be8 26. Ra2 Be5 27. Bd2 Bb5 28. Bxb5 Rxb5 29. Ra8+ Kg7 30. Bc3 Rb6 31. g3 Qf6 32. Kg2 h5 33. Re8 Bxc3 34. bxc3 h4 35. Qd2 hxg3 36. Kxg3 Rb3 37. e5 dxe5 38. d6 e4 39. Rxe4 Qxc3+ 40. Qxc3+ Rxc3+ 1/2-1/2

[Event "Oberliga Ost A 2023 2024"]
[Site "?"]
[Date "2023.12.03"]
[Round "3.3"]
[Board "4"]
[White "Hoerr, Matthias"]
[Black "Schubert, Ralf"]
[Result "1/2-1/2"]
[WhiteElo "2088"]
[BlackElo "2087"]
[PlyCount "72"]
[EventDate "2023.10.22"]
[EventType "team-tourn"]
[EventCountry "GER"]
[WhiteTeam "Plauen SK Koenig"]
[BlackTeam "Dessau SK"]
[WhiteTeamCountry "GER"]
[BlackTeamCountry "GER"]

1. c4 e5 2. g3 Nc6 3. Bg2 g6 4. Nc3 Bg7 5. e3 f5 6. d3 Nf6 7. Nge2 O-O 8. O-O d6 9. b3 g5 10. f4 h6 11. Qd2 Ne7 12. Ba3 Ng6 13. Rae1 Re8 14. Nd5 c6 15. Nxf6+ Bxf6 16. d4 e4 17. Rc1 g4 18. Rc2 b6 19. Rfc1 Bb7 20. Bf1 Qd7 21. b4 Red8 22. Nc3 Ne7 23. Rd1 Qe8 24. c5 dxc5 25. bxc5 b5 26. Bb2 Bc8 27. a4 b4 28. Bc4+ Kg7 29. Nb1 a5 30. Qe2 Nd5 31. Nd2 Be6 32. Bb3 Qg8 33. Nc4 Nc7 34. Ba1 Bxc4 35. Bxc4 Nd5 36. Bxd5 Qxd5 1/2-1/2

[Event "Oberliga Ost A 2023 2024"]
[Site "?"]
[Date "2023.12.03"]
[Round "3.3"]
[Board "5"]
[White "Erler, Rainer"]
[Black "Sandner, Gunter"]
[Result "1/2-1/2"]
[WhiteElo "2154"]
[BlackElo "2215"]
[PlyCount "81"]
[EventDate "2023.10.22"]
[EventType "team-tourn"]
[EventCountry "GER"]
[WhiteTeam "Dessau SK"]
[BlackTeam "Plauen SK Koenig"]
[WhiteTeamCountry "GER"]
[BlackTeamCountry "GER"]

1. e4 c5 2. Nc3 Nc6 3. g3 g6 4. Bg2 Bg7 5. Nh3 d6 6. O-O Nf6 7. d3 O-O 8. f4 Bg4 9. Qd2 Nd4 10. Nf2 Bf3 11. Nfd1 Bxg2 12. Qxg2 e6 13. Ne3 Nd7 14. Ncd1 Nc6 15. c3 f5 16. g4 fxg4 17. Qxg4 Qe7 18. Nf2 Nf6 19. Qg2 Nh5 20. Nh3 Qh4 21. Ng4 Nf6 22. Nxf6+ Qxf6 23. Be3 Bh6 24. Nf2 Bxf4 25. Bxf4 Qxf4 26. Ng4 Qg5 27. Nf6+ Qxf6 28. Rxf6 Rxf6 29. Rf1 Rxf1+ 30. Kxf1 b6 31. Ke2 Re8 32. Qg3 Ne5 33. d4 cxd4 34. cxd4 Nf7 35. Qa3 Re7 36. e5 Kf8 37. exd6 Rd7 38. Qf3 Kg7 39. Qe4 Kf6 40. Qf4+ Kg7 41. Qe4 1/2-1/2

[Event "Oberliga Ost A 2023 2024"]
[Site "?"]
[Date "2023.12.03"]
[Round "3.3"]
[Board "6"]
[White "Fischer, Erik"]
[Black "Ozeran, Volodymyr"]
[Result "1-0"]
[WhiteElo "2058"]
[BlackElo "2084"]
[PlyCount "45"]
[EventDate "2023.10.22"]
[EventType "team-tourn"]
[EventCountry "GER"]
[WhiteTeam "Plauen SK Koenig"]
[BlackTeam "Dessau SK"]
[WhiteTeamCountry "GER"]
[BlackTeamCountry "GER"]

1. e4 c6 2. d4 d5 3. e5 Bf5 4. Nf3 e6 5. Be2 h6 6. O-O Qb6 7. c4 dxc4 8. Nbd2 Nd7 9. Nxc4 Qc7 10. a4 Nb6 11. Ne3 Be4 12. Nd2 Bg6 13. a5 Nd5 14. Nxd5 cxd5 15. Bb5+ Kd8 16. a6 b6 17. Qa4 f6 18. Nf3 Ke7 19. Bf4 f5 20. Rfc1 Qd8 21. Bg5+ hxg5 22. Nxg5 Bh5 23. Qb4+ 1-0

[Event "Oberliga Ost A 2023 2024"]
[Site "?"]
[Date "2023.12.03"]
[Round "3.3"]
[Board "7"]
[White "Schaefer, Sven"]
[Black "Melestean, Timur"]
[Result "1-0"]
[WhiteElo "1971"]
[BlackElo "1892"]
[PlyCount "101"]
[EventDate "2023.10.22"]
[EventType "team-tourn"]
[EventCountry "GER"]
[WhiteTeam "Dessau SK"]
[BlackTeam "Plauen SK Koenig"]
[WhiteTeamCountry "GER"]
[BlackTeamCountry "GER"]

1. e4 c6 2. d4 d5 3. Nc3 dxe4 4. Nxe4 Nd7 5. Nf3 Ngf6 6. Nxf6+ Nxf6 7. Be2 Bf5 8. O-O e6 9. c4 Be7 10. Be3 O-O 11. Qb3 Qb6 12. Qxb6 axb6 13. Rfd1 Bc2 14. Rdc1 Bg6 15. Rd1 Bc2 16. Rdc1 Bg6 17. Rd1 Rfd8 18. h3 Bc2 19. Rdc1 Be4 20. Rd1 h6 21. Ne1 Ra4 22. b3 Ra3 23. Bc1 Raa8 24. a4 Bb4 25. Bb2 Bxe1 26. Rxe1 c5 27. dxc5 bxc5 28. Rac1 b6 29. Bc3 Rd7 30. Bf1 Bg6 31. f3 Ne8 32. Kf2 Nc7 33. Be2 Kf8 34. Red1 Rxd1 35. Rxd1 Bc2 36. Rd7 Na6 37. Bd1 Nb8 38. Rd8+ Ke7 39. Rxb8 Rxb8 40. Bxc2 f6 41. Ke3 g5 42. b4 f5 43. bxc5 bxc5 44. a5 Kd6 45. g4 fxg4 46. hxg4 Rb7 47. Be4 Ra7 48. Kd2 Kc7 49. Kc2 Kb8 50. Kb3 Rd7 51. Ka4 1-0

[Event "Oberliga Ost A 2023 2024"]
[Site "?"]
[Date "2023.12.03"]
[Round "3.3"]
[Board "8"]
[White "Linnert, Niklas"]
[Black "Schneider, Jens Erik"]
[Result "1-0"]
[WhiteElo "1974"]
[BlackElo "2013"]
[PlyCount "67"]
[EventDate "2023.10.22"]
[EventType "team-tourn"]
[EventCountry "GER"]
[WhiteTeam "Plauen SK Koenig"]
[BlackTeam "Dessau SK"]
[WhiteTeamCountry "GER"]
[BlackTeamCountry "GER"]

1. e4 b6 2. d3 Bb7 3. f4 e6 4. Nf3 d5 5. e5 Ne7 6. Be3 c5 7. c3 Nbc6 8. d4 Nf5 9. Bf2 cxd4 10. cxd4 Bb4+ 11. Nbd2 O-O 12. Bd3 f6 13. O-O fxe5 14. fxe5 Be7 15. a3 Rc8 16. Rc1 Na5 17. b4 Nc6 18. Nb3 Nb8 19. Qd2 Qd7 20. b5 a5 21. a4 Bb4 22. Qg5 Be7 23. Qh5 g6 24. Qh3 Rxc1 25. Nxc1 Rc8 26. Ne2 Rc7 27. g4 Ng7 28. Bh4 Bc8 29. Bf6 Qe8 30. Ng5 h5 31. Nf4 Bxf6 32. exf6 e5 33. Nxd5 Bxg4 34. Nxc7 1-0

[Event "Oberliga Ost A 2023 2024"]
[Site "?"]
[Date "2023.12.03"]
[Round "3.4"]
[Board "1"]
[White "Wagner, Benjamin"]
[Black "Teske, Henrik"]
[Result "1/2-1/2"]
[WhiteElo "2159"]
[BlackElo "2452"]
[PlyCount "97"]
[EventDate "2023.10.22"]
[EventType "team-tourn"]
[EventCountry "GER"]
[WhiteTeam "Magdeburg SG Aufbau Elbe II"]
[BlackTeam "Erfurt SV Empor"]
[WhiteTeamCountry "GER"]
[BlackTeamCountry "GER"]

1. e4 e5 2. Nf3 d6 3. d4 exd4 4. Nxd4 Nf6 5. Nc3 Be7 6. Bf4 O-O 7. Qd2 Nc6 8. O-O-O Nxd4 9. Qxd4 Be6 10. Be2 a6 11. Rhg1 b5 12. g4 c5 13. Qe3 b4 14. Nd5 Nxd5 15. exd5 Bd7 16. g5 Re8 17. Qg3 Bf5 18. Bg4 Qd7 19. h3 Bf8 20. Rge1 Rxe1 21. Rxe1 Rd8 22. f3 a5 23. Qf2 a4 24. Qe3 Rb8 25. Qd3 Bxd3 26. Bxd7 Bc4 27. Bc6 Bxa2 28. Re4 g6 29. h4 h6 30. Re3 hxg5 31. hxg5 Bc4 32. b3 axb3 33. cxb3 Bf1 34. Kd2 Bg2 35. Bg3 Rd8 36. Ke2 Bh3 37. Re8 Rxe8+ 38. Bxe8 Bf5 39. Bb5 Kg7 40. Bd3 f6 41. Bxf5 gxf5 42. gxf6+ Kxf6 43. Kd3 Ke7 44. Kc4 Kf7 45. Bf4 Kf6 46. Kb5 Ke7 47. Kc6 Kd8 48. Bg5+ Be7 49. Bf4 1/2-1/2

[Event "Oberliga Ost A 2023 2024"]
[Site "?"]
[Date "2023.12.03"]
[Round "3.4"]
[Board "2"]
[White "Mueller, Magnus"]
[Black "Lippert, Daniel"]
[Result "1-0"]
[WhiteElo "2023"]
[BlackElo "2031"]
[PlyCount "81"]
[EventDate "2023.10.22"]
[EventType "team-tourn"]
[EventCountry "GER"]
[WhiteTeam "Erfurt SV Empor"]
[BlackTeam "Magdeburg SG Aufbau Elbe II"]
[WhiteTeamCountry "GER"]
[BlackTeamCountry "GER"]

1. d4 d5 2. Bf4 c5 3. e3 Nc6 4. Nf3 Nf6 5. Nbd2 Qb6 6. dxc5 Qxb2 7. Rb1 Qc3 8. Bb5 g6 9. e4 dxe4 10. Be5 Qa5 11. O-O exf3 12. Bxc6+ bxc6 13. Qxf3 Nd5 14. Bxh8 f6 15. Ne4 Ba6 16. c4 Bxc4 17. Nd6+ exd6 18. Qe4+ Kf7 19. Qxc4 Qxc5 20. Qh4 h5 21. Rfc1 Qa5 22. Qc4 Rc8 23. a4 a6 24. Rd1 Be7 25. Rb7 Qc5 26. Qe2 Rc7 27. Rxc7 Nxc7 28. Re1 d5 29. Qd2 Bf8 30. Bxf6 Ne6 31. Be5 d4 32. Qd3 Qd5 33. f4 Bb4 34. Re2 Ng7 35. Bxg7 Kxg7 36. Re5 Qd6 37. Qe4 Kf7 38. f5 d3 39. fxg6+ Kg7 40. Rxh5 Qxg6 41. Qe5+ 1-0

[Event "Oberliga Ost A 2023 2024"]
[Site "?"]
[Date "2023.12.03"]
[Round "3.4"]
[Board "3"]
[White "Rafayevych, Vilen"]
[Black "Langheinrich, Ferenc"]
[Result "1/2-1/2"]
[WhiteElo "2166"]
[BlackElo "2352"]
[PlyCount "34"]
[EventDate "2023.10.22"]
[EventType "team-tourn"]
[EventCountry "GER"]
[WhiteTeam "Magdeburg SG Aufbau Elbe II"]
[BlackTeam "Erfurt SV Empor"]
[WhiteTeamCountry "GER"]
[BlackTeamCountry "GER"]

1. c4 Nf6 2. Nc3 g6 3. e4 d6 4. g3 Bg7 5. Bg2 c5 6. Nge2 Nc6 7. O-O O-O 8. h3 Rb8 9. d3 Ne8 10. Be3 Nd4 11. Qd2 Bxh3 12. Bxd4 cxd4 13. Bxh3 dxc3 14. Nxc3 e5 15. Nd5 Nc7 16. Qa5 Nxd5 17. Qxd8 Rbxd8 1/2-1/2

[Event "Oberliga Ost A 2023 2024"]
[Site "?"]
[Date "2023.12.03"]
[Round "3.4"]
[Board "4"]
[White "Urban, Lars"]
[Black "Herter, Arne"]
[Result "1/2-1/2"]
[WhiteElo "2205"]
[BlackElo "1992"]
[PlyCount "76"]
[EventDate "2023.10.22"]
[EventType "team-tourn"]
[EventCountry "GER"]
[WhiteTeam "Erfurt SV Empor"]
[BlackTeam "Magdeburg SG Aufbau Elbe II"]
[WhiteTeamCountry "GER"]
[BlackTeamCountry "GER"]

1. d4 Nf6 2. c4 g6 3. f3 Bg7 4. e4 d6 5. Be3 O-O 6. Ne2 a6 7. Nbc3 b5 8. cxb5 axb5 9. Nxb5 c6 10. Nbc3 Nbd7 11. Ng3 h5 12. Bd3 e5 13. d5 cxd5 14. exd5 h4 15. Nge4 h3 16. g3 Nxe4 17. fxe4 Nc5 18. b4 Nxd3+ 19. Qxd3 f5 20. O-O Ra3 21. Qd2 f4 22. Bf2 fxg3 23. Bxg3 Qb6+ 24. Rf2 Qxb4 25. Rxf8+ Bxf8 26. Rc1 Kh7 27. Nb1 Qxd2 28. Nxd2 Bg4 29. Rc2 Bh6 30. Nc4 Ra6 31. Kf2 Bg5 32. Rb2 Kg8 33. a3 Bc1 34. Rb8+ Kh7 35. Nxd6 Rxa3 36. Bxe5 Rf3+ 37. Ke1 Re3+ 38. Kf1 Rf3+ 1/2-1/2

[Event "Oberliga Ost A 2023 2024"]
[Site "?"]
[Date "2023.12.03"]
[Round "3.4"]
[Board "5"]
[White "Udelnov, Valentin"]
[Black "Heinke, Jasper"]
[Result "1-0"]
[WhiteElo "2003"]
[BlackElo "2041"]
[PlyCount "121"]
[EventDate "2023.10.22"]
[EventType "team-tourn"]
[EventCountry "GER"]
[WhiteTeam "Magdeburg SG Aufbau Elbe II"]
[BlackTeam "Erfurt SV Empor"]
[WhiteTeamCountry "GER"]
[BlackTeamCountry "GER"]

1. e4 e6 2. d4 d5 3. Nd2 Nf6 4. e5 Nfd7 5. Bd3 c5 6. c3 Nc6 7. Ne2 cxd4 8. cxd4 Qb6 9. Nf3 f6 10. exf6 Nxf6 11. O-O Bd6 12. Bf4 Bxf4 13. Nxf4 O-O 14. Re1 Bd7 15. g3 Rae8 16. Re2 Nxd4 17. Nxd4 e5 18. Nxd5 Nxd5 19. Bc4 exd4 20. Bxd5+ Kh8 21. Rd2 d3 22. Qb3 Qf6 23. Qxd3 Rd8 24. Qd4 Bc6 25. Rad1 Qg5 26. h4 Qf5 27. Be4 Bxe4 28. Qxd8 Kg8 29. Qe7 Qf3 30. Qe6+ Kh8 31. Qh3 h6 32. Re1 Bc6 33. Re3 Qf7 34. Qe6 Qh5 35. Qe7 Rf6 36. Rd8+ Kh7 37. Qa3 Rf7 38. Qd3+ Qf5 39. Re5 Qxd3 40. Rxd3 a6 41. Rd6 Rc7 42. Rc5 Rc8 43. b4 Kg8 44. a4 Re8 45. Rcxc6 bxc6 46. Rxc6 Re4 47. Rxa6 Rxb4 48. Ra7 g5 49. hxg5 hxg5 50. f3 g4 51. fxg4 Rxg4 52. Kg2 Rb4 53. a5 Ra4 54. a6 Ra3 55. Kh3 Ra4 56. g4 Ra3+ 57. Kh4 Ra5 58. g5 Ra1 59. Kh5 Rc1 60. Rb7 Ra1 61. a7 1-0

[Event "Oberliga Ost A 2023 2024"]
[Site "?"]
[Date "2023.12.03"]
[Round "3.4"]
[Board "6"]
[White "Wiemers, Holger"]
[Black "Windelband, Jens"]
[Result "1/2-1/2"]
[WhiteElo "2053"]
[BlackElo "2014"]
[PlyCount "54"]
[EventDate "2023.10.22"]
[EventType "team-tourn"]
[EventCountry "GER"]
[WhiteTeam "Erfurt SV Empor"]
[BlackTeam "Magdeburg SG Aufbau Elbe II"]
[WhiteTeamCountry "GER"]
[BlackTeamCountry "GER"]

1. d4 g6 2. Nf3 Bg7 3. c3 f5 4. Nbd2 Nf6 5. Qc2 O-O 6. e4 fxe4 7. Nxe4 Nxe4 8. Qxe4 d5 9. Qh4 Nd7 10. Bh6 e6 11. Qxd8 Rxd8 12. Bxg7 Kxg7 13. O-O-O Re8 14. Re1 Kf6 15. Bd3 c5 16. h4 h6 17. g4 Kg7 18. g5 h5 19. Re3 c4 20. Bc2 b5 21. Rhe1 Kf7 22. R1e2 Rb8 23. Ne1 Rb6 24. Ng2 Rd6 25. Nf4 Nf8 26. Rf3 Kg7 27. Kd2 Re7 1/2-1/2

[Event "Oberliga Ost A 2023 2024"]
[Site "?"]
[Date "2023.12.03"]
[Round "3.4"]
[Board "7"]
[White "Koenig, Marco"]
[Black "Nicolai, Tim"]
[Result "0-1"]
[WhiteElo "2095"]
[BlackElo "1989"]
[PlyCount "70"]
[EventDate "2023.10.22"]
[EventType "team-tourn"]
[EventCountry "GER"]
[WhiteTeam "Magdeburg SG Aufbau Elbe II"]
[BlackTeam "Erfurt SV Empor"]
[WhiteTeamCountry "GER"]
[BlackTeamCountry "GER"]

1. e4 c5 2. Nc3 g6 3. d4 cxd4 4. Qxd4 Nf6 5. e5 Nc6 6. Qf4 Nh5 7. Qe3 d6 8. exd6 Qxd6 9. Nb5 Qb8 10. Bd2 Bg7 11. Bc3 O-O 12. Bxg7 Nxg7 13. Nf3 Nf5 14. Qc1 Ne5 15. Nbd4 Rd8 16. c3 Nxd4 17. Nxd4 Ng4 18. Be2 e5 19. Nc2 e4 20. h3 Ne5 21. Nd4 b6 22. Qg5 Bb7 23. h4 Nd3+ 24. Bxd3 exd3 25. O-O-O Be4 26. f3 Rxd4 27. cxd4 Bf5 28. g4 d2+ 29. Rxd2 Qc7+ 30. Kd1 Rc8 31. Re1 Qc1+ 32. Ke2 Re8+ 33. Kf2 Qxe1+ 34. Kg2 Bd3 35. Rf2 Bf1+ 0-1

[Event "Oberliga Ost A 2023 2024"]
[Site "?"]
[Date "2023.12.03"]
[Round "3.4"]
[Board "8"]
[White "Pichl, Michael"]
[Black "Willberg, Frank"]
[Result "0-1"]
[WhiteElo "1804"]
[BlackElo "1887"]
[PlyCount "94"]
[EventDate "2023.10.22"]
[EventType "team-tourn"]
[EventCountry "GER"]
[WhiteTeam "Erfurt SV Empor"]
[BlackTeam "Magdeburg SG Aufbau Elbe II"]
[WhiteTeamCountry "GER"]
[BlackTeamCountry "GER"]

1. Nf3 Nf6 2. g3 d5 3. Bg2 g6 4. O-O Bg7 5. d3 O-O 6. a3 c5 7. Nc3 Nc6 8. Rb1 a6 9. b4 cxb4 10. axb4 b5 11. e4 dxe4 12. Ng5 Bg4 13. Qd2 Rc8 14. h3 Bf3 15. Bxf3 exf3 16. Nxf3 Nd5 17. Ne4 Nd4 18. Nxd4 Bxd4 19. Bb2 Qb6 20. Nc5 Bxc5 21. bxc5 Qxc5 22. c4 bxc4 23. dxc4 Nf6 24. Rbc1 Ne4 25. Qf4 Qf5 26. Qe3 Nc5 27. Qh6 e5 28. f4 Qh5 29. Qxh5 gxh5 30. fxe5 Nd3 31. Ba3 Nxc1 32. Bxf8 Ne2+ 33. Kf2 Nxg3 34. Rg1 Kxf8 35. Rxg3 Rxc4 36. Re3 Rc5 37. Kf3 Ke7 38. Kf4 Ke6 39. Kg5 Ra5 40. Kxh5 Rxe5+ 41. Rxe5+ Kxe5 42. Kg5 Kd5 43. Kf5 a5 44. Kf6 a4 45. Kxf7 a3 46. Kg7 a2 47. Kxh7 a1=Q 0-1

[Event "Oberliga Ost A 2023 2024"]
[Site "?"]
[Date "2023.12.03"]
[Round "3.5"]
[Board "1"]
[White "Mazur, Stefan"]
[Black "Post, Hugo"]
[Result "0-1"]
[WhiteElo "2462"]
[BlackElo "2212"]
[PlyCount "54"]
[EventDate "2023.10.22"]
[EventType "team-tourn"]
[EventCountry "GER"]
[WhiteTeam "Reichenbrand SV Eiche"]
[BlackTeam "Loeberitz SG"]
[WhiteTeamCountry "GER"]
[BlackTeamCountry "GER"]

1. e4 c5 2. Nf3 d6 3. Nc3 a6 4. g3 Nc6 5. Bg2 g6 6. d4 cxd4 7. Nxd4 Bg7 8. Nxc6 bxc6 9. O-O Qc7 10. Bg5 Rb8 11. Rb1 Nf6 12. Qd2 h6 13. Bf4 Ng4 14. h3 Ne5 15. Na4 Nc4 16. Qd3 Ne5 17. Qe2 O-O 18. b3 Be6 19. Be3 Qa5 20. Bd2 Qb5 21. Qd1 c5 22. c4 Qd7 23. Qc1 Bxc4 24. Bxh6 Bxf1 25. Bxf1 Bxh6 26. Qxh6 c4 27. f4 Qa7+ 0-1

[Event "Oberliga Ost A 2023 2024"]
[Site "?"]
[Date "2023.12.03"]
[Round "3.5"]
[Board "2"]
[White "Schuetze, Norman"]
[Black "Bures, Jaroslav"]
[Result "0-1"]
[WhiteElo "2279"]
[BlackElo "2405"]
[PlyCount "114"]
[EventDate "2023.10.22"]
[EventType "team-tourn"]
[EventCountry "GER"]
[WhiteTeam "Loeberitz SG"]
[BlackTeam "Reichenbrand SV Eiche"]
[WhiteTeamCountry "GER"]
[BlackTeamCountry "GER"]

1. e4 c6 2. d4 d5 3. Nc3 dxe4 4. Nxe4 Bf5 5. Ng3 Bg6 6. h4 h6 7. Nf3 Nd7 8. h5 Bh7 9. Bd3 Bxd3 10. Qxd3 e6 11. Bd2 Ngf6 12. O-O-O Be7 13. Kb1 O-O 14. Ne4 Nxe4 15. Qxe4 Nf6 16. Qe2 Qd5 17. Be3 Ng4 18. Ne5 Nxe5 19. dxe5 Qxe5 20. f4 Qa5 21. Bd4 Rfd8 22. Rd3 Qf5 23. Rf1 Bf6 24. g4 Qb5 25. Bxf6 Rxd3 26. Bxg7 Rd2 27. Qxb5 cxb5 28. Bxh6 Rad8 29. Kc1 Rg2 30. Bg5 Rd5 31. Bf6 Rxg4 32. Be5 Rg2 33. a3 Kh7 34. Kb1 Kh6 35. Rh1 a6 36. Rh3 Re2 37. Bf6 Rxh5 38. Rg3 Rh1+ 39. Ka2 Rxc2 40. Bg7+ Kh5 41. Be5 Rd1 42. Rg7 Rd7 43. Bc3 Kh6 44. Rg3 Rxc3 45. Rxc3 Kg6 46. Rc5 f5 47. Re5 Kf6 48. Re1 Rd4 49. Rf1 e5 50. fxe5+ Kxe5 51. Kb3 f4 52. Kc3 Rd7 53. Re1+ Kf5 54. Rf1 Kg4 55. Rg1+ Kh3 56. Rf1 Kg3 57. Rg1+ Kf2 0-1

[Event "Oberliga Ost A 2023 2024"]
[Site "?"]
[Date "2023.12.03"]
[Round "3.5"]
[Board "3"]
[White "Fuchs, Florian"]
[Black "Rogule, Laura"]
[Result "1/2-1/2"]
[WhiteElo "2318"]
[BlackElo "2253"]
[PlyCount "147"]
[EventDate "2023.10.22"]
[EventType "team-tourn"]
[EventCountry "GER"]
[WhiteTeam "Reichenbrand SV Eiche"]
[BlackTeam "Loeberitz SG"]
[WhiteTeamCountry "GER"]
[BlackTeamCountry "GER"]

1. d4 d5 2. Nc3 Nf6 3. Bf4 a6 4. e3 e6 5. Nf3 c5 6. dxc5 Bxc5 7. Bd3 Nc6 8. O-O b5 9. e4 Bb7 10. Qe2 Nd4 11. Nxd4 Bxd4 12. Rad1 Qb6 13. exd5 Nxd5 14. Nxd5 Bxd5 15. Be4 Bxe4 16. Qxe4 Rd8 17. Rd3 O-O 18. c3 Bf6 19. Rfd1 Rxd3 20. Rxd3 Rd8 21. h3 Rxd3 22. Qxd3 Qd8 23. Qxd8+ Bxd8 24. Kf1 Kf8 25. Ke2 Ke7 26. Kd3 Kd7 27. c4 Kc6 28. Be5 f6 29. Bc3 h5 30. Bb4 g5 31. g4 hxg4 32. hxg4 Bc7 33. Bc3 Bd8 34. f3 Kc5 35. Bd4+ Kc6 36. b3 Be7 37. cxb5+ axb5 38. a4 Bd8 39. Ke4 bxa4 40. bxa4 Kd6 41. Ba7 Kc6 42. Kd4 Bc7 43. Bc5 f5 44. Kc4 Ba5 45. Bb4 Bb6 46. a5 Be3 47. Bc3 Bf4 48. Bd4 e5 49. Bf2 e4 50. fxe4 fxg4 51. Bg1 g3 52. a6 g4 53. a7 Kb7 54. Kd5 g2 55. Ke6 g3 56. Kf5 Bc7 57. Kg4 Ka8 58. Kf3 Be5 59. Kxg2 Bf4 60. Kf3 Be5 61. Be3 Kb7 62. Bc5 Ka8 63. Be7 Kxa7 64. Bh4 g2 65. Kxg2 Kb7 66. Kf3 Kc6 67. Kg4 Kd7 68. Kf5 Bc3 69. Bf6 Bd2 70. e5 Ke8 71. e6 Bb4 72. Ke5 Bc3+ 73. Kf5 Bb4 74. Ke5 1/2-1/2

[Event "Oberliga Ost A 2023 2024"]
[Site "?"]
[Date "2023.12.03"]
[Round "3.5"]
[Board "4"]
[White "Pallas, Sebastian"]
[Black "Fischer, Edwin"]
[Result "1/2-1/2"]
[WhiteElo "2203"]
[BlackElo "2203"]
[PlyCount "33"]
[EventDate "2023.10.22"]
[EventType "team-tourn"]
[EventCountry "GER"]
[WhiteTeam "Loeberitz SG"]
[BlackTeam "Reichenbrand SV Eiche"]
[WhiteTeamCountry "GER"]
[BlackTeamCountry "GER"]

1. e4 e5 2. Nf3 Nf6 3. d4 Nxe4 4. Bd3 d5 5. Nxe5 Bd6 6. O-O O-O 7. c4 c5 8. cxd5 Nf6 9. Bg5 cxd4 10. Nf3 h6 11. Bxf6 Qxf6 12. Nbd2 Bg4 13. Qa4 Nd7 14. Qxd4 Bxf3 15. Qxf6 Nxf6 16. Nxf3 Nxd5 17. Rfd1 1/2-1/2

[Event "Oberliga Ost A 2023 2024"]
[Site "?"]
[Date "2023.12.03"]
[Round "3.5"]
[Board "5"]
[White "Laemmel, Sebastian"]
[Black "Boehm, Christian"]
[Result "1-0"]
[WhiteElo "2156"]
[BlackElo "2050"]
[PlyCount "131"]
[EventDate "2023.10.22"]
[EventType "team-tourn"]
[EventCountry "GER"]
[WhiteTeam "Reichenbrand SV Eiche"]
[BlackTeam "Loeberitz SG"]
[WhiteTeamCountry "GER"]
[BlackTeamCountry "GER"]

1. d4 Nf6 2. c4 g6 3. Nc3 Bg7 4. e4 d6 5. Be2 O-O 6. Be3 e5 7. Nf3 Ng4 8. Bg5 f6 9. Bc1 Nc6 10. O-O f5 11. dxe5 Ngxe5 12. exf5 Bxf5 13. Be3 Ng4 14. Qd5+ Kh8 15. Bg5 Qd7 16. Rad1 Rae8 17. Rfe1 Be6 18. Qd2 Nce5 19. Nxe5 Bxe5 20. f4 Bg7 21. h3 Nf6 22. Kh2 Qf7 23. b3 h6 24. Bh4 Nh5 25. Bxh5 gxh5 26. Bg3 h4 27. Bxh4 Qxf4+ 28. Qxf4 Rxf4 29. Bg3 Bxc3 30. Bxf4 Bxe1 31. Rxe1 Kg7 32. Be3 Bd7 33. Bd4+ Kg6 34. Rxe8 Bxe8 35. Bxa7 c6 36. g4 Bf7 37. Kg3 d5 38. c5 Kf6 39. Kf4 Bg6 40. Bb8 Bb1 41. a3 Bc2 42. b4 Bd1 43. Bc7 Be2 44. Be5+ Ke6 45. Bd4 h5 46. gxh5 Bxh5 47. Kg5 Be2 48. h4 Bd3 49. h5 Bc2 50. Kf4 Bh7 51. h6 Bg6 52. a4 Bh7 53. b5 cxb5 54. axb5 Bg6 55. c6 bxc6 56. b6 Kd7 57. Kg5 Bd3 58. Kf6 Be4 59. Kg7 Kd6 60. Be5+ Kxe5 61. b7 c5 62. b8=Q+ Kd4 63. Qa7 Kc4 64. Kf6 Kb4 65. Qb6+ Kc4 66. Ke5 1-0

[Event "Oberliga Ost A 2023 2024"]
[Site "?"]
[Date "2023.12.03"]
[Round "3.5"]
[Board "6"]
[White "Mertens, Fridolin"]
[Black "Kapp, Martin"]
[Result "1-0"]
[WhiteElo "2119"]
[BlackElo "2173"]
[PlyCount "85"]
[EventDate "2023.10.22"]
[EventType "team-tourn"]
[EventCountry "GER"]
[WhiteTeam "Loeberitz SG"]
[BlackTeam "Reichenbrand SV Eiche"]
[WhiteTeamCountry "GER"]
[BlackTeamCountry "GER"]

1. e4 e6 2. d3 d5 3. Qe2 Be7 4. Nf3 Nf6 5. g3 c5 6. Bg2 Nc6 7. O-O O-O 8. e5 Nd7 9. c4 Nb6 10. b3 a5 11. Na3 a4 12. h4 Bd7 13. Bg5 Bxg5 14. hxg5 axb3 15. axb3 Nb4 16. d4 Qe7 17. cxd5 N6xd5 18. dxc5 Qxc5 19. Rfc1 Nc3 20. Qb2 Rfc8 21. Nc4 Nd3 22. Qxc3 Qxf2+ 23. Kh2 Nxc1 24. Qxc1 Bc6 25. Qg1 Qxg1+ 26. Rxg1 Ra2 27. Nd4 Bd5 28. Nd6 Rc5 29. b4 Rc3 30. Kh3 Rd3 31. Bxd5 Rxd4 32. Rc1 Ra8 33. Bxb7 Rf8 34. b5 f6 35. Bc8 fxe5 36. Bxe6+ Kh8 37. Nf7+ Kg8 38. Nxe5+ Kh8 39. b6 Rb4 40. Nf7+ Kg8 41. b7 g6 42. Nd8+ Kh8 43. Rc8 1-0

[Event "Oberliga Ost A 2023 2024"]
[Site "?"]
[Date "2023.12.03"]
[Round "3.5"]
[Board "8"]
[White "Schindler, Christian"]
[Black "Weisspflog, Janek"]
[Result "1/2-1/2"]
[WhiteElo "2160"]
[BlackElo "2044"]
[PlyCount "52"]
[EventDate "2023.10.22"]
[EventType "team-tourn"]
[EventCountry "GER"]
[WhiteTeam "Loeberitz SG"]
[BlackTeam "Reichenbrand SV Eiche"]
[WhiteTeamCountry "GER"]
[BlackTeamCountry "GER"]

1. d4 Nf6 2. Nf3 c5 3. c4 cxd4 4. Nxd4 g6 5. Nc3 Bg7 6. e4 d6 7. Be2 O-O 8. O-O Nc6 9. Be3 Nxd4 10. Bxd4 Be6 11. Rc1 Rc8 12. b3 b6 13. f4 Bd7 14. Kh1 Bc6 15. Qd3 Qd7 16. h3 Rfd8 17. Rcd1 e5 18. Be3 exf4 19. Bxf4 Re8 20. Bf3 Re6 21. Rfe1 Rd8 22. Re2 h5 23. Rde1 Rde8 24. a4 Qc7 25. Nd5 Qb8 26. Rd1 Bb7 1/2-1/2